Observations on impediments of speech (Record no. 48078)

MARC details
000 -LEADER
campo de control de longitud fija 00807nam a2200193 i 4500
001 - NÚMERO DE CONTROL
campo de control 48078
003 - IDENTIFICADOR DE NÚMERO DE CONTROL
campo de control ES-MaACL
005 - FECHA Y HORA DE LA ÚLTIMA TRANSACCIÓN
campo de control 20230906161705.0
007 - CAMPO FIJO DE DESCRIPCIÓN FÍSICA--INFORMACIÓN GENERAL
campo de control de longitud fija t|
008 - DATOS DE LONGITUD FIJA--INFORMACIÓN GENERAL
campo de control de longitud fija 981118s1833 xxk ||||1| eng d
040 ## - FUENTE DE CATALOGACIÓN
Centro catalogador/agencia de origen CAM
Lengua de catalogación spa
Centro/agencia transcriptor CCPB
100 1# - ENTRADA PRINCIPAL--NOMBRE DE PERSONA
Nombre de persona Cull, Richard.
9 (RLIN) 42134
245 10 - MENCIÓN DEL TÍTULO
Título Observations on impediments of speech
Resto del título : with some remarks on their successful treatment in a letter addressed to T.J. Pettigrew... /
Mención de responsabilidad, etc. by Richard Cull.
260 ## - PUBLICACIÓN, DISTRIBUCIÓN, ETC.
Lugar de publicación, distribución, etc. London :
Nombre del editor, distribuidor, etc. Renshaw and Rush,
Fecha de publicación, distribución, etc. 1833.
300 ## - DESCRIPCIÓN FÍSICA
Extensión 31 p. ;
Dimensiones 22 cm.
650 #4 - PUNTO DE ACCESO ADICIONAL DE MATERIA--TÉRMINO DE MATERIA
Término de materia o nombre geográfico como elemento de entrada Voz-
Subdivisión general Trastornos.
9 (RLIN) 160212
650 04 - PUNTO DE ACCESO ADICIONAL DE MATERIA--TÉRMINO DE MATERIA
Término de materia o nombre geográfico como elemento de entrada Lenguaje-
Subdivisión general Trastornos.
9 (RLIN) 14347
852 ## - LOCALIZACIÓN
Ubicación ES-MaACL
Número de control de estantería T-483 bis-F-5
Nota libre -- Enc. hol., en el lomo "Folletos Cólera"
-- -- Enc. en un vol. facticio
-- .- En port. anotación manuscrita: "To the editor of the Attheneum from the author"
Holdings
Estatus retirado Estado de pérdida Estado de daño No para préstamo Colección Biblioteca de origen Biblioteca actual Ubicación en estantería Fecha de adquisición Fuente de adquisición Total de préstamos Signatura topográfica completa Código de barras Visto por última vez Precio de reemplazo Tipo de ítem Koha
        Colección de folletos Biblioteca del Ateneo de Madrid Biblioteca del Ateneo de Madrid Depósito folletos 17/01/2008     T-483 bis-F-5 1050600 23/02/2023 23/02/2023 Folleto